Primera y segunda mesa redonda internacional de arqueología y etnografía. /
Guardado en:
| Autor Corporativo: | |
|---|---|
| Formato: | Libro |
| Idioma: | Spanish |
| Publicado: |
Buenos Aires :
Jornadas internacionales de arqueología y etnografía,
1957.
|
| Etiquetas: |
Agregar Etiqueta
Sin Etiquetas, Sea el primero en etiquetar este registro!
|
| LEADER | 00639nam a22001455a 4500 | ||
|---|---|---|---|
| 001 | EUN.um024985 | ||
| 003 | AR-BaUNS | ||
| 005 | 20050623122902.0 | ||
| 008 | 041125s1957####ag#a##########000#0#spa#d | ||
| 245 | 1 | 0 | |a Primera y segunda mesa redonda internacional de arqueología y etnografía. / |c Jornadas internacionales de arqueología y etnografía. |
| 260 | |a Buenos Aires : |b Jornadas internacionales de arqueología y etnografía, |c 1957. | ||
| 300 | |a 2 v. : |b ilus. ; |c 24,5 cm. | ||
| 082 | 0 | 4 | |a 571.82 |
| 110 | 2 | |a Jornadas internacionales de arqueología y etnografía |c Buenos Aires, 1957-60. | |
| 859 | |a Ar-BaUNS |b BIB. CENTRAL - Sector C |h 571.82 |i J769 |p 2432/963 |v v.1 | ||
